000 00574ntaaa2200205 4500
003 01
005 20251027201454.0
008 0714s1973 ag 01
040 _aAR-BaBN
_bspa
_cAR-BaBN
_eaacr
_dRIC
082 _a226.5000 Zo7f
100 _aZorrilla C., Hugo
_913317
245 _aLa fiesta de liberación de los oprimidos: relectura de Jn. 7:1-10.21.
250 _a1 ed.
260 _aSan Jose :
_bSEBILA,
_c1981
300 _a318 p. ;
_c21 cm.
500 _aBibliografía: p. 285-318.
650 _aBiblia-N.T.-Juan
_99641
650 _aIglesia y Sociedad
942 _cBK
999 _c9287
_d9287